INFORME FINAL DEL EJERCICIO PROFESIONAL SUPERVISADO, DISEÑO Y PLANIFICACIÓN DE CAMINo RI]RAL CASERÍo SANTA CRUZ, REGIÓN SEMESCHE Y SISTEMA DE AGUA POTABLE EN LA ALDEA SETAL CHIPUR, REGIÓN CHITOC, SAN PEDRO CARCHÁ, ALTA VERAPAZ./ (Registro nro. 2060)

Detalles MARC
000 -LEADER
campo de control de longitud fija 03550nam a22003377a 4500
001 - NÚMERO DE CONTROL
campo de control TIC 0029
003 - IDENTIFICADOR DE NÚMERO DE CONTROL
campo de control gtcocun
005 - FECHA Y HORA DE LA ÚLTIMA TRANSACCIÓN
campo de control 20250922185437.0
006 - CÓDIGOS DE INFORMACIÓN DE LONGITUD FIJA--CARACTERÍSTICAS DEL MATERIAL ADICIONAL
campo de control de longitud fija a||||gr|||| 00| 0
007 - CAMPO FIJO DE DESCRIPCIÓN FÍSICA--INFORMACIÓN GENERAL
campo de control de longitud fija ta
008 - DATOS DE LONGITUD FIJA--INFORMACIÓN GENERAL
campo de control de longitud fija 250922b2023 gt ||||| m||| 00| 0 eng d
040 ## - FUENTE DE CATALOGACIÓN
Centro catalogador/agencia de origen gtcocun
Lengua de catalogación SPA
Centro/agencia transcriptor gtcocun
Normas de descripción RDA
041 ## - CÓDIGO DE IDIOMA
Código de lengua del texto/banda sonora o título independiente SPA TIC 0029
084 ## - OTRO NÚMERO DE CLASIFICACIÓN
Número de control del registro de autoridad o número normalizado TIC 0029
100 ## - ENTRADA PRINCIPAL--NOMBRE DE PERSONA
Nombre de persona Chiquin Choc, Delmy Tatiana
Término indicativo de función/relación Autor
245 ## - MENCIÓN DEL TÍTULO
Título INFORME FINAL DEL EJERCICIO PROFESIONAL SUPERVISADO, DISEÑO Y PLANIFICACIÓN DE CAMINo RI]RAL CASERÍo SANTA CRUZ, REGIÓN SEMESCHE Y SISTEMA DE AGUA POTABLE EN LA ALDEA SETAL CHIPUR, REGIÓN CHITOC, SAN PEDRO CARCHÁ, ALTA VERAPAZ./
Mención de responsabilidad, etc. Delmy Tatiana Chiquin Choc.
Medio Impreso
264 ## - PRODUCCIÓN, PUBLICACIÓN, DISTRIBUCIÓN, FABRICACIÓN Y COPYRIGHT
Producción, publicación, distribución, fabricación y copyright Cobán, Alta Verapaz:
Nombre del de productor, editor, distribuidor, fabricante Universidad de San Carlos de Guatemala, Centro Universitario del Norte, Ingeniería Civil
Fecha de producción, publicación, distribución, fabricación o copyright 2023
300 ## - DESCRIPCIÓN FÍSICA
Extensión 129 p.:
Otras características físicas Ilustraciones, gráficas.
Dimensiones 28 cm;
300 ## - DESCRIPCIÓN FÍSICA
Dimensiones PDF
336 ## - TIPO DE CONTENIDO
Fuente rdacontenido
Término de tipo de contenido Texto
Código de tipo de contenido txt
337 ## - TIPO DE MEDIO
Fuente rdamedio
Nombre/término del tipo de medio Computadora
Código del tipo de medio n
338 ## - TIPO DE SOPORTE
Fuente rdasoporte
Nombre/término del tipo de soporte Código en línea
Código del tipo de soporte cr
502 ## - NOTA DE TESIS
identificador de la tesis TIC 0029
502 ## - NOTA DE TESIS
Nota de tesis Tesis de grado
Tipo de título Ingeniería Civil,
Nombre de la institución que otorga el título Universidad de San Carlos de Guatemala, Centro Universitario del Norte, Ingeniería Civil
Año de obtención del título 2023
Identificador de la tesis TIC 0029
520 14 - RESUMEN, ETC.
Sumario, etc. El ejercicio profesional supervisado, EPS se realizó en la Dirección Municipal de Planificación (DMP) de la Municipalidad de San Pedro Carchá, en un lapso de 4 meses dividido en: diagnóstico, plan de trabajo y ejecución de actividades, donde bajo la supervisión de la unidad de práctica y la unidad académica este proceso culmina en la entrega de resultados. Mediante la fase de diagnóstico se conocieron situaciones de carencias de servicios básicos e infraestructura, en base a esto se seleccionaron dos necesidades siendo la falta de un camino para el caserío Santa Cruz y la falta de un sistema de agua potable en la Aldea Setal Chipur.<br/><br/>Consecuentemente, se trazó, con los fundamentos teóricos, una metodología y un cronograma las actividades para darle solución a las situaciones encontradas. Siendo, la propuesta de diseño de la Construcción del Camino Rural, caserío Santa Cruz, Región Semesche y la Construcción de un sistema de agua potable en la Aldea Setal Chipur, Región Chixoc.<br/><br/>En función a las normas de diseño de camino a nivel nacional y las características de los suelos de la Región Semesche, en el caserío Santa Cruz de San Pedro Carchá se diseñó un tramo de apertura de carretera tipo F de longitud de dos mil ochocientos cuatro, punto cuarenta y dos metros lineales con un ancho de rodadura de cuatro metros de una sola vía con cunetas en ambos lados de sección triangular y una capa de rasante de balasto con un espesor de quince centímetros.<br/><br/>Según las necesidades de la Aldea Setal Chipur, se diseñó un sistema de abastecimiento de agua de conducción por gravedad y bombeo, un tanque de bombeo y un tanque de distribución y locaciones que abastecerán el sistema de distribución que llegará a las 86 viviendas, con 516 consumidores a beneficiar, para cumplir con los estándares de salubridad según la norma COGUANOR NGO 29001 y las normas del INFOM/ENPAR.
650 14 - PUNTO DE ACCESO ADICIONAL DE MATERIA--TÉRMINO DE MATERIA
Fuente del encabezamiento o término LEMB
Término de materia o nombre geográfico como elemento de entrada San Pedro Carchá, Alta Verapaz.
Subdivisión general Ingeniería
-- Supervisión
-- Metodología
-- Diseño
-- Normas
-- Diagnóstico
700 ## - ENTRADA AGREGADA--NOMBRE PERSONAL
Nombre de persona Inga. Civil Sindry Yaneth Pacay Morales
Término indicativo de función/relación Asesor
856 ## - LOCALIZACIÓN Y ACCESO ELECTRÓNICOS
Identificador Uniforme de Recurso <a href="https://drive.google.com/file/d/1NqdHuxA0AtrS5xEXMTHnF53gY779wnsT/view">https://drive.google.com/file/d/1NqdHuxA0AtrS5xEXMTHnF53gY779wnsT/view</a>
Texto de enlace PDF
Nota pública Un ejemplar en línea.
942 ## - ELEMENTOS DE ENTRADA SECUNDARIOS (KOHA)
Fuente de la clasificación o esquema de estantería Clasificación Decimal Dewey
Tipo de ítem Koha TESIS
Parte de la signatura que identifica el ejemplar (Parte del ítem) TIC 0029
Prefijo de la signatura Clasificación
Suprimir en OPAC No
-- TIC_0029_000000000000000
Existencias
Estatus retirado Estado de pérdida Fuente de la clasificación o esquema de estantería Estado de daño No para préstamo Colección Biblioteca de origen Biblioteca actual Ubicación en estantería Fecha de adquisición Número de inventario Total de préstamos Signatura topográfica completa Código de barras Visto por última vez Precio de reemplazo Tipo de ítem Koha
    Clasificación Decimal Dewey     tesis BIBLIOTECA- CUNOR -JOSÉ LUIS GONZALES ROSALES BIBLIOTECA- CUNOR -JOSÉ LUIS GONZALES ROSALES Colección tesis 16/09/2025 TIC 0029   TIC 0029 TIC 0029 16/09/2025 16/09/2025 TESIS